000 00503nam a22002057a 4500
003 OSt
005 20231002113420.0
008 160222b xxu||||| |||| 00| 0 eng d
020 _a0333919564
040 _c040a
082 _a301 ODO 2002
100 _aO'Donnell, Gerald
_96814
245 _aMastering Sociology
250 _a4th.ed
260 _aNew York;
_bPalgrave,
_c2002
300 _axv, 426p ;
_bill :
_c12 cm.
504 _aincludes index
650 _aSociology
_92259
942 _2ddc
_cSLOAN
999 _c3059
_d3059